[Event "ICS Rated blitz match"]
[Site "207.99.83.227"]
[Date "1999.03.20"]
[Round "?"]
[White "rajah"]
[Black "Hossa"]
[Result "1-0"]
[WhiteElo "2487"]
[BlackElo "2312"]
[Annotator "Crafty v16.6"]
[PlyCount "94"]

{annotating for player Hossa using a scoring margin of +0.10 pawns. search
time limit is 12.00} 1. d4 1... Nf6 2. c4 g6 3. Nc3 Bg7 4. e4 d6 5. Bg5 O-O 6.
Qd2 Na6 ({8:-0.05} 6... Na6 7. Nf3 c5 8. Be2 cxd4 9. Nxd4 Nc5 10. Bxf6 Bxf6 11.
O-O $10) ({8:+0.10} 6... Nbd7 7. Nf3 e5 8. Bd3 exd4 9. Nxd4 c5 10. Ndb5 10...
Ne5 $10) 7. Bd3 c5 8. Nge2 cxd4 9. Nxd4 Nc5 ({8:-0.10} 9... Nc5 10. O-O Nxd3
11. Qxd3 Bg4 12. Rae1 Rc8 13. Nd5 Nxd5 14. exd5 $10) ({8:+0.07} 9... Ng4 10.
Nd5 Re8 11. Bc2 Ne5 12. b3 Nc6 13. Nxc6 13... bxc6 $10) 10. O-O Nxd3 11. Qxd3
Bd7 12. Rad1 Rc8 13. Bxf6 Bxf6 14. Nd5 Bg7 15. Qb3 Bc6 16. Nxc6 bxc6 17. Nc3
Qa5 18. Na4 Rb8 19. Qc2 Rb4 20. b3 Qe5 21. f4 Qh5 22. a3 Rb7 23. c5 d5 24. exd5
cxd5 25. b4 e6 26. c6 Rc7 27. b5 Rb8 28. Rb1 Qh4 29. Nc5 Rbc8 30. Rbd1 Qg4 31.
Na6 Re7 32. Qc5 Bf6 33. c7 Qe2 34. a4 Qe4 35. Qxa7 Qxa4 36. b6 Bd4+ 37. Kh1
Ree8 38. Qb7 Kh8 39. Rxd4 Qxd4 40. Qxc8 Rxc8 41. b7 Rg8 42. c8=R Qd3 43. Rxg8+
Kxg8 44. b8=Q+ Kg7 45. Qe5+ f6 46. Qc7+ Kh6 47. Ra1 Qd4 1-0

[Event "ICS rated blitz match"]
[Site "207.99.83.227"]
[Date "1999.03.20"]
[Round "?"]
[White "Hossa"]
[Black "sio"]
[Result "1-0"]
[WhiteElo "2303"]
[BlackElo "2183"]
[PlyCount "51"]

1. e4 c6 2. Nc3 d5 3. exd5 cxd5 4. Nf3 g6 5. Bb5+ Bd7 6. Bxd7+ Qxd7 7. Ne5 Qe6
8. d4 Nc6 9. O-O Nxe5 10. dxe5 Rd8 11. Qd4 Bg7 12. Qxa7 Bxe5 13. Qxb7 Nf6 14.
Qb5+ Nd7 15. Qxd5 Qf5 16. Qd2 O-O 17. Nd5 Rfe8 18. c3 Qh5 19. Nf4 Qh4 20. Nh3
Nf6 21. Qg5 Qxg5 22. Bxg5 Ng4 23. f3 h6 24. fxg4 hxg5 25. Nxg5 Rd2 26. Nf3 {
sio resigns} 1-0

[Event "ICS rated blitz match"]
[Site "207.99.83.227"]
[Date "1999.03.20"]
[Round "?"]
[White "sio"]
[Black "Hossa"]
[Result "1/2-1/2"]
[WhiteElo "2172"]
[BlackElo "2314"]
[PlyCount "60"]

1. e4 d6 2. d4 e6 3. Nc3 Nf6 4. f3 Be7 5. Be3 O-O 6. Qd2 d5 7. e5 Nfd7 8. O-O-O
c5 9. Nge2 cxd4 10. Bxd4 Nc6 11. f4 Nxd4 12. Nxd4 Nxe5 13. Kb1 Nc6 14. h4 Nxd4
15. Qxd4 Bxh4 16. Bd3 h6 17. Qe3 d4 18. Qf3 dxc3 19. Bh7+ Kxh7 20. Rxd8 Bxd8
21. g4 cxb2 22. g5 Bc7 23. gxh6 gxh6 24. Rxh6+ Kxh6 25. Qh3+ Kg6 26. Qg4+ Kh7
27. Qh5+ Kg7 28. Qg5+ Kh7 29. Qh5+ Kg7 30. Qg5+ 30... Kh7 {
Game drawn by mutual agreement} 1/2-1/2

[Event "ICS rated blitz match"]
[Site "207.99.83.227"]
[Date "1999.03.20"]
[Round "?"]
[White "Hossa"]
[Black "sio"]
[Result "1-0"]
[WhiteElo "2308"]
[BlackElo "2178"]
[PlyCount "99"]

1. e4 c6 2. Nc3 d5 3. exd5 cxd5 4. Bb5+ Bd7 5. Nf3 Bxb5 6. Nxb5 Nc6 7. O-O a6
8. Nbd4 g6 9. Nxc6 bxc6 10. d4 Bg7 11. b3 Nf6 12. Ne5 Qc8 13. Ba3 Ne4 14. f3
Nd6 15. c4 O-O 16. cxd5 cxd5 17. Rc1 Qb7 18. Bxd6 exd6 19. Nc6 Rac8 20. Qc2
Bxd4+ 21. Nxd4 Rxc2 22. Rxc2 Qb6 23. Rd1 Re8 24. Rcc1 Re2 25. Rc8+ Kg7 26. Rc6
Qa7 27. Rxd6 Rxa2 28. Rxd5 a5 29. h4 a4 30. bxa4 Rxa4 31. Kf2 Ra2+ 32. Kg3 Qc7+
33. f4 Qc3+ 34. Nf3 h5 35. R5d3 Qc6 36. Rd6 Qc3 37. R6d3 Qc6 38. Rd6 Qc8 39.
Rd7 Rc2 40. Ng5 Rc7 41. Ne6+ Kf6 42. Nxc7 Qb8 43. R1d6+ Kg7 44. Ne6+ Kh6 45.
Ng5 Qb2 46. Nxf7+ Kg7 47. Ng5+ Kf8 48. Rd8+ Ke7 49. R6d7+ Kf6 50. Rf7# {
sio checkmated} 1-0

[Event "ICS rated blitz match"]
[Site "207.99.83.227"]
[Date "1999.03.20"]
[Round "?"]
[White "Hossa"]
[Black "sio"]
[Result "1-0"]
[WhiteElo "2327"]
[BlackElo "2159"]
[PlyCount "87"]

1. e4 c6 2. Nc3 d5 3. exd5 cxd5 4. Bb5+ Bd7 5. Nf3 Bxb5 6. Nxb5 Nc6 7. O-O e6
8. d3 Bd6 9. Bg5 Nge7 10. Nxd6+ Qxd6 11. Bxe7 Nxe7 12. Ng5 O-O 13. Qh5 h6 14.
Nf3 Rac8 15. c3 Ng6 16. Qg4 Ne5 17. Nxe5 Qxe5 18. Rae1 Qf6 19. Re2 Rc6 20. Rfe1
Rfc8 21. Re3 a6 22. Rf3 Qe7 23. Qh5 d4 24. c4 Rc5 25. Qg4 Qd7 26. Rg3 Rg5 27.
Qf4 Rxg3 28. Qxg3 b5 29. b3 bxc4 30. bxc4 Qa4 31. Ra1 Qc2 32. Qf3 Rb8 33. h3
Rb1+ 34. Rxb1 Qxb1+ 35. Kh2 Qxa2 36. Qa8+ Kh7 37. Qe4+ Kg8 38. Qxd4 a5 39. c5
Qc2 40. Qd8+ Kh7 41. Qxa5 Qxd3 42. Qb4 Qd5 43. f3 e5 44. Qe4+ {sio resigns} 1-0

[Event "ICS rated blitz match"]
[Site "207.99.83.227"]
[Date "1999.03.20"]
[Round "?"]
[White "sio"]
[Black "Hossa"]
[Result "0-1"]
[WhiteElo "2150"]
[BlackElo "2336"]
[PlyCount "62"]

1. e4 e5 2. Nf3 Nc6 3. Bc4 Bc5 4. d3 Nf6 5. O-O O-O 6. Nc3 d6 7. Bg5 Be6 8. Nd5
Bxd5 9. Bxd5 Rb8 10. c3 Qe7 11. d4 exd4 12. cxd4 Nxd4 13. Nxd4 c6 14. Bb3 Qe5
15. Bxf6 Qxf6 16. Nf5 Qxb2 17. Rb1 Qf6 18. Qf3 Rbd8 19. Rfd1 Kh8 20. Qg4 Rde8
21. Rd3 Re5 22. Rh3 d5 23. Ng3 Bxf2+ 24. Kh1 Bxg3 25. hxg3 Rxe4 26. Qh5 h6 27.
Bc2 Re5 28. Rxb7 Qf1+ 29. Kh2 Rxh5 30. Rxh5 Qe2 31. Ba4 31... Qxh5+ {
sio resigns} 0-1

[Event "ICS rated bullet match"]
[Site "207.99.83.227"]
[Date "1999.03.20"]
[Round "?"]
[White "Hossa"]
[Black "sienna"]
[Result "0-1"]
[WhiteElo "2431"]
[BlackElo "2757"]
[Annotator "Crafty v16.6"]
[PlyCount "138"]

{annotating for player Hossa using a scoring margin of +0.10 pawns. search
time limit is 12.00} 1. e4 1... e5 2. Nf3 Nc6 3. Bb5 a6 4. Ba4 ({9:-0.15} 4.
Ba4 4... Bc5 5. O-O Nge7 6. c3 O-O 7. d4 Bd6 8. Bg5 $10) ({9:+0.11} 4. Bxc6
4... dxc6 5. Nc3 Qd6 6. d4 exd4 7. Nxd4 c5 8. Nf5 Qxd1+ 9. Kxd1 Ne7 10. Re1 $10
) 4... Nf6 5. O-O Be7 6. Bxc6 dxc6 7. Nxe5 Nxe4 8. Qe2 Nd6 9. Re1 Nf5 10. c3
O-O 11. d4 Qd5 12. Qh5 f6 13. Nd3 Bd7 14. Bf4 Bd6 15. Bxd6 cxd6 16. Nb4 Qf7 17.
Qxf7+ Kxf7 18. d5 a5 19. dxc6 Rae8 20. Nd2 bxc6 21. Nd3 Rxe1+ 22. Rxe1 a4 23.
g4 Ne7 24. Re4 c5 25. Nc4 Nc8 26. Ne3 Bc6 27. Nxc5 dxc5 28. Rc4 Ne7 29. Rxc5
Rb8 30. Nc4 Bd5 31. Kf1 Be6 32. h3 f5 33. Kg2 h5 34. gxh5 Bxc4 35. Rxc4 Rxb2
36. Rxa4 Nd5 37. c4 Nf4+ 38. Kg3 Nxh5+ 39. Kf3 Rc2 40. h4 Nf6 41. h5 Nxh5 42.
Ra5 Ke6 43. Ra6+ Kd7 44. Ra5 g6 45. Ra4 Rc3+ 46. Ke2 Nf4+ 47. Kd2 Rf3 48. Ra7+
Ke6 49. Ra6+ Kf7 50. c5 Rxf2+ 51. Ke3 Rf1 52. c6 Nd5+ 53. Ke2 Rc1 54. Kd2 Rc5
55. c7 Rxc7 56. Ra5 Rd7 57. Ra3 g5 58. Kd3 g4 59. Ra5 g3 60. Ke2 Re7+ 61. Kf3
Re3+ 62. Kg2 Nf4+ 63. Kf1 g2+ 64. Kf2 Re2+ 65. Kf3 g1=Q 66. Rxf5+ Kg6 67. Re5
Qf1+ 68. Kg4 Rg2+ 69. Kh4 Qh1# 0-1

[Event "ICS rated blitz match"]
[Site "207.99.83.227"]
[Date "1999.03.20"]
[Round "?"]
[White "Hossa"]
[Black "Keyzer"]
[Result "0-1"]
[WhiteElo "2344"]
[BlackElo "2456"]
[Annotator "Crafty v16.6"]
[PlyCount "34"]

{annotating for player Hossa using a scoring margin of +0.10 pawns. search
time limit is 12.00} 1. e4 1... e5 2. Nf3 Nc6 3. Bc4 ({8:-0.12} 3. Bc4 3... Bb4
4. O-O Nf6 5. d4 Nxe4 6. Nxe5 6... O-O $10) ({8:-0.01} 3. Bb5 3... Bc5 4. Nc3
Nge7 5. Na4 Bb4 6. Bxc6 Nxc6 7. O-O $10) 3... Nf6 4. Ng5 d5 5. exd5 Nd4 6. d6
Qxd6 7. Nxf7 Qc6 8. Nxh8 ({9:-3.22} 8. Nxh8 8... Qxg2 9. Rf1 Qe4+ 10. Qe2 Nxe2
11. Bb5+ Bd7 12. Bd3 Nxc1+ 13. Bxe4 13... Nxe4 $19) ({9:-0.46} 8. O-O 8... Qxc4
9. Nxh8 Nxc2 10. b3 Qd3 11. Bb2 Nxa1 12. Bxa1 $15) 8... Qxg2 9. Bd5 ({8:-8.84} 
9. Bd5 9... Nxd5 10. Qh5+ Kd7 11. Rf1 Qe4+ 12. Kd1 Qxc2+ 13. Ke1 Qxc1+ 14. Qd1
Nc2+ 15. Ke2 Qxd1+ 16. Rxd1 Nxa1 17. Nf7 17... Ke6 $19) ({8:-3.84} 9. Rf1 9...
Qe4+ 10. Qe2 Nxe2 11. Bxe2 Qxc2 12. Nc3 Bf5 13. Bb5+ 13... c6 $19) 9... Qxd5
10. f3 ({9:-10.66} 10. f3 10... Nxf3+ 11. Kf2 Nh4 12. Rg1 Qd4+ 13. Ke2 Bg4+ 14.
Rxg4 Qxg4+ 15. Ke1 Ng2+ 16. Kf1 Qxd1+ 17. Kxg2 17... Qxc1 $19) ({9:-7.48} 10.
O-O 10... Nf3+ 11. Kh1 Bh3 12. Rg1 Nxg1+ 13. f3 Nxf3 14. Nc3 Qc6 15. Nb5 $19)
10... Nxf3+ 11. Ke2 Nd4+ 12. Kf2 Ng4+ 13. Kg1 Bc5 14. Qxg4 Bxg4 15. h4 Ne2+ 16.
Kh2 Qf3 17. d4 Qg3# 0-1

[Event "ICS rated blitz match"]
[Site "207.99.83.227"]
[Date "1999.03.20"]
[Round "?"]
[White "Amateur"]
[Black "Hossa"]
[Result "1-0"]
[WhiteElo "2433"]
[BlackElo "2333"]
[Annotator "Crafty v16.6"]
[PlyCount "67"]

{annotating for player Hossa using a scoring margin of +0.10 pawns. search
time limit is 12.00} 1. d4 1... Nf6 2. c4 g6 3. Nc3 Bg7 4. e4 d6 5. f4 O-O 6.
Nf3 c5 7. d5 e6 8. Be2 exd5 9. cxd5 Re8 10. e5 dxe5 11. fxe5 Ng4 12. Bg5 Qa5
13. e6 Bxc3+ 14. bxc3 fxe6 15. O-O exd5 16. Qxd5+ Be6 17. Qxb7 Nd7 18. c4 Rab8
19. Qc6 Rb2 20. Bd3 Qc3 21. Rae1 Qxd3 22. Rxe6 Rf8 23. Ree1 Qf5 24. Be7 Nb8 25.
Qd6 Re8 26. Ne5 Rf2 27. Nxg4 Rxf1+ 28. Rxf1 Qxg4 29. Qd5+ Kg7 30. Rf7+ Kg8 31.
Rf5+ Kg7 32. Qf7+ Kh6 33. Bf8+ Rxf8 34. Qxf8# 1-0

[Event "ICS rated bullet match"]
[Site "207.99.83.227"]
[Date "1999.03.20"]
[Round "?"]
[White "Hossa"]
[Black "rajah"]
[Result "0-1"]
[WhiteElo "2410"]
[BlackElo "2428"]
[Annotator "Crafty v16.6"]
[PlyCount "112"]

{annotating for player Hossa using a scoring margin of +0.10 pawns. search
time limit is 12.00} 1. e4 1... c5 2. Bc4 e6 3. Nc3 a6 4. a4 ({9:+0.06} 4. a4
4... Nf6 5. e5 d5 6. exd6 Bxd6 7. Nf3 Nc6 8. O-O 8... O-O $10) ({9:+0.32} 4.
Nf3 4... Nc6 5. d4 b5 6. Be2 b4 7. Na4 cxd4 8. Nxd4 8... Nge7 $14) 4... Nf6 5.
e5 d5 6. exf6 dxc4 7. fxg7 Bxg7 8. Nf3 Nc6 9. O-O O-O 10. Kh1 ({9:+0.06} 10.
Kh1 10... e5 11. Re1 Bf5 12. Kg1 Nd4 13. Ne4 Qd5 14. d3 $10) ({9:+0.32} 10. Re1
10... e5 11. Re4 Be6 12. Rb1 Qf6 13. Qe2 Nd4 14. Nxd4 14... cxd4 $14) 10... e5
11. Ne4 f5 12. Ng3 e4 13. Ne1 Be6 14. Qh5 Nd4 15. Ra3 Qd5 16. Ne2 f4 17. Qxd5
Bxd5 18. Nxd4 cxd4 19. Rh3 d3 20. Rg1 Bc6 21. a5 Rf5 22. cxd3 exd3 23. b4 cxb3
24. Rxd3 b2 25. Bxb2 Bxb2 26. Rb3 Bg7 27. Ra3 Bf8 28. Ra2 Bb4 29. Nc2 Bxa5 30.
Nd4 Rd5 31. Nxc6 bxc6 32. Rd1 Bb4 33. d3 a5 34. Rc2 c5 35. Rc4 Rf8 36. Re4 a4
37. f3 a3 38. Rc4 h5 39. Rc2 Rfd8 40. g3 Rxd3 41. Rf1 Rd1 42. Rc1 Rxf1+ 43.
Rxf1 fxg3 44. hxg3 a2 45. g4 Ra8 46. gxh5 a1=Q 47. Rxa1 Rxa1+ 48. Kg2 c4 49. h6
c3 50. Kf2 c2 51. Kg3 c1=Q 52. h7+ Kxh7 53. Kg4 Qc4+ 54. f4 Rg1+ 55. Kh4 Qxf4+
56. Kh5 Rg5# 0-1

[Event "ICS Rated blitz match"]
[Site "207.99.83.227"]
[Date "1999.03.20"]
[Round "?"]
[White "Hossa"]
[Black "razzle"]
[Result "1/2-1/2"]
[WhiteElo "2321"]
[BlackElo "2708"]
[PlyCount "149"]

1. e4 e5 2. Nf3 Nf6 3. Nc3 Nc6 4. Bc4 Bc5 5. O-O d6 6. d3 Bg4 7. Bb5 O-O 8.
Bxc6 bxc6 9. Be3 Nd7 10. Bxc5 Nxc5 11. Nb1 Rb8 12. b3 f5 13. exf5 Qf6 14. Nbd2
Bxf5 15. Qe2 Qf7 16. Rae1 Qd5 17. Qe3 Nxd3 18. cxd3 Bxd3 19. Qxa7 e4 20. Nxe4
Bxe4 21. Rd1 Qf5 22. Qxc7 Bxf3 23. gxf3 Qg6+ 24. Kh1 d5 25. Rg1 Qf7 26. Qxf7+
Kxf7 27. Rd3 Rfe8 28. a4 Re2 29. Rc1 Rb6 30. Kg2 Kf6 31. a5 Ra6 32. b4 h5 33.
Rdc3 Re6 34. f4 Kf5 35. Rg3 Re7 36. Rg5+ Kf6 37. Rd1 Re4 38. Rb1 g6 39. Kf3 Rc4
40. Rbg1 Rxb4 41. Rxg6+ Kf7 42. Rg7+ Kf8 43. Rg8+ Ke7 44. Re1+ Kd6 45. Rc1 Rb3+
46. Kg2 Ra3 47. Rg6+ Kd7 48. Rc5 R3xa5 49. Rgxc6 d4 50. Rxa6 Rxc5 51. Ra4 Rd5
52. Ra7+ Kc6 53. Ra2 d3 54. Rd2 Kc5 55. Kf3 Kd4 56. Rd1 Kc3 57. Ke4 Rd7 58.
Rc1+ Kb2 59. Rf1 d2 60. Kf5 d1=Q 61. Rxd1 Rxd1 62. Kg5 Rd3 63. h4 Rf3 64. Kxh5
Rxf4 65. Kg5 Rxf2 66. h5 Rg2+ 67. Kf6 Rh2 68. Kg6 Kc1 69. h6 Kd1 70. h7 Rh1 71.
Kg7 Rg1+ 72. Kh6 Rh1+ 73. Kg7 Ke2 74. h8=Q Rxh8 75. Kxh8 {
Game drawn because neither player has mating material} 1/2-1/2

[Event "ICS rated bullet match"]
[Site "207.99.83.227"]
[Date "1999.03.20"]
[Round "?"]
[White "TDChess"]
[Black "Hossa"]
[Result "1-0"]
[WhiteElo "2688"]
[BlackElo "2395"]
[Annotator "Crafty v16.6"]
[PlyCount "153"]

{annotating for player Hossa using a scoring margin of +0.10 pawns. search
time limit is 12.00} 1. d4 1... Nf6 2. Nf3 e6 3. e3 Be7 4. Bd3 O-O 5. O-O d5 ({
8:-0.26} 5... d5 6. Nc3 c5 7. Re1 Nc6 8. Ne5 Nxe5 9. dxe5 9... Nd7 $10) ({
8:-0.14} 5... c5 6. Nc3 Nc6 7. Bd2 cxd4 8. exd4 Nb4 9. Bc4 9... Ng4 $10) 6. c4
Nc6 7. Nc3 Nb4 8. Be2 Bd7 9. Qb3 dxc4 10. Qxc4 Bc6 ({8:-0.29} 10... Bc6 11. Ne5
Bd5 12. Nxd5 exd5 13. Qb5 Nc2 14. Rb1 14... Rb8 $10) ({8:-0.14} 10... Nfd5 11.
Ne5 Nb6 12. Qb3 Be8 13. Qd1 Nc6 14. Ne4 Nxe5 15. dxe5 $10) 11. Ne5 Bd5 12. Nxd5
Nbxd5 13. Bd2 Ne4 14. Ba5 Bf6 15. Rac1 Nd6 16. Qc2 Bxe5 17. dxe5 Ne8 18. Qb3 b6
19. Be1 c5 20. Rd1 Qg5 21. f4 Qh6 22. Rf3 Qh5 23. Bc4 Ne7 24. Rd7 Ng6 25. Qa4
a5 26. Rb7 Qg4 27. Rxb6 Rd8 28. Rf1 Nh4 29. Bxh4 Qxh4 30. Qxa5 Qe7 31. Rc6 Rd7
32. Rxc5 Ra7 33. Qb4 Rb7 34. Bb5 Nc7 35. Qc4 Rd8 36. Rc1 Nd5 37. Qe4 Kh8 38. b3
Qh4 39. Qf3 Ra7 40. Qe2 Nb4 41. a4 Rb7 42. Rc8 Rb8 43. R8c7 Kg8 44. Qf3 Na2 45.
g3 Qh6 46. R1c5 Qg6 47. e4 Qh6 48. Qe2 Nb4 49. Rc4 Nd3 50. Rc3 Nxf4 51. gxf4
Qxf4 52. Qh5 Rd2 53. Rc8+ Rd8 54. Rf3 g6 55. Rxd8+ Rxd8 56. Qxh7+ Kxh7 57. Rxf4
Kg7 58. Kf2 Rd2+ 59. Kg3 Rb2 60. Rf3 Rc2 61. Be8 Rc7 62. a5 Kh6 63. Bxf7 Re7
64. Rf6 Ra7 65. b4 Rb7 66. Bxg6 Rxb4 67. Bf5+ Kg7 68. Rxe6 Rb2 69. h4 Rb7 70.
a6 Ra7 71. Rb6 Rf7 72. Rb7 Kg8 73. a7 Rf8 74. Rb8 Kg7 75. a8=Q Rxb8 76. Qxb8
Kh6 77. Qh8# 1-0

[Event "ICS rated blitz match"]
[Site "207.99.83.227"]
[Date "1999.03.20"]
[Round "?"]
[White "rajah"]
[Black "Hossa"]
[Result "1/2-1/2"]
[WhiteElo "2505"]
[BlackElo "2335"]
[PlyCount "203"]

1. e4 d6 2. d4 e6 3. Nf3 Be7 4. Bd3 Nf6 5. O-O O-O 6. Nc3 Nc6 7. e5 dxe5 8.
dxe5 Nd5 9. Ne4 Ndb4 10. Be3 Nxd3 11. Qxd3 Qxd3 12. cxd3 Rd8 13. Rfd1 Nb4 14.
d4 Bd7 15. a3 Bc6 16. Bg5 Bxg5 17. Nexg5 Bxf3 18. Nxf3 Nd5 19. Rac1 h5 20. Ng5
a5 21. Rc5 c6 22. Ne4 Kh7 23. Nd6 Rd7 24. Rd3 f5 25. Kh1 g5 26. Rb3 Ra7 27. Rh3
Kh6 28. Rc4 g4 29. Rd3 h4 30. f3 g3 31. Rc5 gxh2 32. Kxh2 Rg7 33. Rd2 a4 34.
Rc1 Rg3 35. Re2 Kh5 36. Rc5 Nf4 37. Rd2 Rg8 38. Rc3 Nd5 39. Rc1 Rg7 40. Re1 Rg3
41. Rde2 Nf4 42. Rc2 b6 43. Ne8 Kh6 44. Rd1 Rd7 45. Rdd2 Re7 46. Nd6 Reg7 47.
Kh1 h3 48. gxh3 Rxf3 49. Rxc6 Rxh3+ 50. Rh2 Rxh2+ 51. Kxh2 Rg2+ 52. Kh1 Rxb2
53. Nf7+ Kh5 54. Nd8 Rb1+ 55. Kh2 Kg4 56. Nxe6 Rb2+ 57. Kh1 Rb3 58. Nxf4 Kxf4
59. e6 Rxa3 60. Rxb6 Rb3 61. Rc6 Kg3 62. Rc1 Re3 63. d5 a3 64. Rg1+ Kh3 65. Ra1
a2 66. Kg1 Kg3 67. Kf1 Rf3+ 68. Ke2 f4 69. Kd2 Re3 70. Rxa2 Re5 71. Ra3+ f3 72.
d6 Rd5+ 73. Kc1 Rxd6 74. Re3 Rd8 75. e7 Re8 76. Re6 Kg2 77. Rg6+ Kf1 78. Rf6
Ke2 79. Re6+ Kf2 80. Kc2 Kg2 81. Rg6+ Kf1 82. Re6 Kf2 83. Kc1 Kg3 84. Kd1 Kg2
85. Rg6+ Kf2 86. Re6 Kg1 87. Rg6+ Kf1 88. Rg7 Ra8 89. Rg3 Kf2 90. Rh3 Rb8 91.
Rh7 Kg2 92. Rg7+ Kf1 93. Rf7 f2 94. Rg7 Rc8 95. Rg3 Re8 96. Rg7 Rb8 97. Rg3 Rh8
98. Rg7 Re8 99. Kd2 Rh8 100. Kd1 Re8 101. Kd2 Rh8 102. Kd1 {
Game drawn by repetition} 1/2-1/2

[Event "ICS rated blitz match"]
[Site "207.99.83.227"]
[Date "1999.03.20"]
[Round "?"]
[White "Hossa"]
[Black "rajah"]
[Result "0-1"]
[WhiteElo "2342"]
[BlackElo "2498"]
[Annotator "Crafty v16.6"]
[PlyCount "101"]

{annotating for player Hossa using a scoring margin of +0.10 pawns. search
time limit is 12.00} 1. e4 1... c6 2. Nc3 d5 3. exd5 cxd5 4. Nf3 Nf6 5. Bb5+
Bd7 6. O-O e6 7. Re1 ({8:+0.16} 7. Re1 7... Bd6 8. Bd3 O-O 9. Ne5 Qc7 10. Qe2
Nc6 11. Nxd7 11... Qxd7 $10) ({8:+0.28} 7. Ne5 7... Bb4 8. Nxd7 Nbxd7 9. a3
Bxc3 10. dxc3 O-O 11. Bg5 11... Nc5 $10) 7... Bb4 8. Be2 ({8:-0.02} 8. Be2 8...
Nc6 9. a3 Be7 10. Bb5 O-O 11. Ne5 Nxe5 12. Rxe5 Bxb5 13. Nxb5 $10) ({8:+0.14} 
8. Ne5 8... Bxb5 9. Nxb5 O-O 10. c3 Bd6 11. d3 Bxe5 12. Rxe5 12... Nc6 $10)
8... Nc6 9. a3 Be7 10. d4 Qb6 11. Be3 Ng4 12. Bf4 O-O 13. Rb1 Rac8 14. Bd3 Rfe8
15. Qe2 Kh8 16. Kh1 h5 17. Bb5 Nxd4 18. Nxd4 Qxd4 19. Bg3 Bxb5 20. Nxb5 Qc5 21.
Rbc1 h4 22. Bxh4 Bxh4 23. Qxg4 Bxf2 24. Qh5+ Kg8 25. Rf1 Qxb5 26. Rxf2 f6 27.
c3 e5 28. Qg6 Qb6 29. Rcf1 Re6 30. Kg1 e4 31. Rd1 Re5 32. Qg4 Rc4 33. Qd7 Rc5
34. Rdf1 Qb5 35. Qg4 Re8 36. Rd1 e3 37. Rxf6 e2 38. Re1 Re4 39. Qg6 Rc7 40. Rd6
Rc8 41. Qf5 Qc5+ 42. Kh1 Rf8 43. Qxf8+ Kxf8 44. Rd8+ Ke7 45. Rb8 Qf2 46. Rxb7+
Kf6 47. Rb6+ axb6 48. h3 Qxe1+ 49. Kh2 Qd2 50. a4 Qf4+ 51. g3 0-1

[Event "ICS Rated blitz match"]
[Site "207.99.83.227"]
[Date "1999.03.20"]
[Round "?"]
[White "rajah"]
[Black "Hossa"]
[Result "1/2-1/2"]
[WhiteElo "2507"]
[BlackElo "2333"]
[PlyCount "254"]

1. e4 e5 2. Bc4 Nc6 3. Nc3 Nf6 4. d3 Na5 5. Nge2 Nxc4 6. dxc4 Be7 7. O-O d6 8.
Qd3 Ng4 9. f3 Nf6 10. Nd5 Nxd5 11. cxd5 O-O 12. Be3 Bd7 13. Rad1 Bf6 14. Qb3 b6
15. Ng3 Qe8 16. Qd3 Rd8 17. Rfe1 Bh4 18. Bf2 Bb5 19. c4 Bd7 20. Nf5 Bxf2+ 21.
Kxf2 Bxf5 22. exf5 Qa4 23. a3 b5 24. cxb5 Rb8 25. Kg1 Rxb5 26. Rd2 Rfb8 27. Re4
Qb3 28. Qxb3 Rxb3 29. Rc4 R8b7 30. h4 h5 31. Rdc2 a5 32. Rxc7 Rxc7 33. Rxc7 Rb5
34. Rd7 Rxd5 35. Rd8+ Kh7 36. b4 axb4 37. axb4 Rb5 38. Rxd6 Rxb4 39. Rd7 f6 40.
g3 Rc4 41. Rd2 Rc3 42. Kf2 Rc1 43. Rb2 Kh6 44. Ke2 Rc3 45. Rb8 Kh7 46. Re8 Rc2+
47. Kf1 Rb2 48. Rd8 Ra2 49. Rd7 Rh2 50. Rc7 Rd2 51. Rb7 Rc2 52. Rd7 Ra2 53. Rc7
Rb2 54. Rd7 Rc2 55. Rb7 Rd2 56. Rb4 Ra2 57. Re4 Rc2 58. Re2 Rc3 59. Kf2 Kg8 60.
Ra2 Rd3 61. Rc2 Ra3 62. Rc7 Ra2+ 63. Ke3 Rg2 64. Rc8+ Kh7 65. Rc4 Rg1 66. Kf2
Rh1 67. f4 Rh2+ 68. Kf3 exf4 69. Rxf4 g6 70. Ke4 Rh1 71. Kd5 Re1 72. fxg6+ Kxg6
73. Rf3 Re5+ 74. Kd6 Kf7 75. Rc3 Re2 76. Rb3 Rd2+ 77. Kc6 Ke6 78. Kc5 Kf5 79.
Rb7 Kg4 80. Rg7+ Kh3 81. Rg6 Rd3 82. Rh6 Kxg3 83. Kc4 Rf3 84. Rxh5 Kg4 85. Rh6
Rf5 86. Kd4 Kg3 87. Ke4 Re5+ 88. Kd3 Re6 89. Kd4 Kg4 90. Kc5 Kf5 91. Kc4 Rd6
92. Rh7 Rd8 93. Kc3 Kg4 94. h5 Rc8+ 95. Kd4 Re8 96. Kd3 Kf3 97. h6 Rd8+ 98. Kc2
Rc8+ 99. Kd1 f5 100. Rg7 Rd8+ 101. Ke1 Re8+ 102. Kd2 Rf8 103. h7 Rh8 104. Kd1
f4 105. Ke1 Re8+ 106. Kd2 Rd8+ 107. Kc3 Rh8 108. Kd4 Kf2 109. Re7 f3 110. Ke4
Rc8 111. Rf7 Rc4+ 112. Kf5 Rh4 113. Kg5 Rxh7 114. Rxh7 Kg2 115. Rh4 Kg3 116.
Rg4+ Kh3 117. Kf5 Kh2 118. Rf4 Kg2 119. Rh4 Kg3 120. Rh1 Kf2 121. Ke4 Kg2 122.
Rh4 f2 123. Rg4+ Kh2 124. Rh4+ Kg3 125. Rh1 Kg2 126. Rd1 f1=Q 127. Rxf1 127...
Kxf1 {Game drawn because neither player has mating material} 1/2-1/2

[Event "ICS rated bullet match"]
[Site "207.99.83.227"]
[Date "1999.03.20"]
[Round "?"]
[White "Hossa"]
[Black "bigcat"]
[Result "1-0"]
[WhiteElo "2390"]
[BlackElo "2128"]
[PlyCount "37"]

1. e4 d5 2. exd5 Nf6 3. c4 e6 4. dxe6 Bxe6 5. Nf3 Nc6 6. Be2 Bc5 7. O-O O-O 8.
Qb3 Rb8 9. Nc3 Nd4 10. Nxd4 Qxd4 11. d3 Ng4 12. Bxg4 Bxg4 13. Be3 Qe5 14. Qb5
Qe6 15. Qxc5 b6 16. Qxc7 Rbc8 17. Qxa7 Rfd8 18. Nd5 Be2 19. Nf4 {bigcat resigns
} 1-0

[Event "ICS rated blitz match"]
[Site "207.99.83.227"]
[Date "1999.03.20"]
[Round "?"]
[White "Hossa"]
[Black "Keyzer"]
[Result "1-0"]
[WhiteElo "2340"]
[BlackElo "2506"]
[PlyCount "95"]

1. e4 e5 2. Nf3 Nc6 3. Bb5 a6 4. Ba4 Nf6 5. O-O Be7 6. Re1 b5 7. Bb3 O-O 8. d4
d6 9. dxe5 dxe5 10. Bd5 Bb7 11. Nxe5 Nxd5 12. Nxc6 Bxc6 13. exd5 Bxd5 14. a4
Bf6 15. Ra3 b4 16. Rd3 c6 17. c4 bxc3 18. Nxc3 Qa5 19. Nxd5 cxd5 20. Rxd5 Qb4
21. b3 Rab8 22. Rd3 Rfe8 23. Bd2 Qh4 24. Rd6 Be5 25. g3 Qh3 26. Rxa6 Bd4 27.
Rxe8+ Rxe8 28. Qf1 Qf5 29. b4 h6 30. b5 Qf3 31. Rc6 Re2 32. Rc8+ Kh7 33. Be1
Qe4 34. Rc1 h5 35. a5 h4 36. gxh4 Qf3 37. Qg2 Qa3 38. Rb1 Qa2 39. Qf1 Re6 40.
Qd3+ Rg6+ 41. Kf1 Qd5 42. h5 Qxh5 43. Qxd4 Qh3+ 44. Ke2 Re6+ 45. Kd2 Qh6+ 46.
Kc3 Qh3+ 47. Qd3+ Qxd3+ 48. Kxd3 {Keyzer resigns} 1-0

[Event "ICS rated blitz match"]
[Site "207.99.83.227"]
[Date "1999.03.20"]
[Round "?"]
[White "Hossa"]
[Black "Langvad"]
[Result "1-0"]
[WhiteElo "2363"]
[BlackElo "2148"]
[PlyCount "76"]

1. e4 c5 2. Bc4 Nc6 3. a3 e6 4. Nc3 Nf6 5. d3 d5 6. Bb5 a6 7. Bxc6+ bxc6 8. e5
Nd7 9. Nf3 Be7 10. O-O O-O 11. Qd2 a5 12. Qf4 a4 13. Nxa4 Ba6 14. Qg4 Re8 15.
Bh6 Bf8 16. Bg5 Qa5 17. Nc3 c4 18. d4 c5 19. dxc5 Nxc5 20. Rad1 Reb8 21. Bc1
Nd7 22. Nxd5 exd5 23. Qxd7 c3 24. b4 Qb6 25. Rfe1 Bc4 26. Nd4 Rd8 27. Qh3 Qg6
28. e6 Re8 29. exf7+ Qxf7 30. Qxc3 Bd6 31. Qh3 Kh8 32. Rxe8+ Rxe8 33. Bb2 Qf4
34. Nf5 Be5 35. Bxe5 Qxe5 36. Qe3 Qb8 37. Qg3 Qa7 38. Nd6 38... Rf8 {
Langvad resigns} 1-0

[Event "ICS rated blitz match"]
[Site "207.99.83.227"]
[Date "1999.03.21"]
[Round "?"]
[White "JGR"]
[Black "Hossa"]
[Result "0-1"]
[WhiteElo "2240"]
[BlackElo "2370"]
[PlyCount "34"]

1. e4 d6 2. Nc3 Nf6 3. Nf3 e5 4. Bc4 Be7 5. O-O Nc6 6. d3 O-O 7. Re1 Bg4 8. h3
Bh5 9. Be3 Nd4 10. Bd2 Qd7 11. g4 Bxg4 12. h4 Nxf3+ 13. Kf1 Bh3+ 14. Ke2 Nd4+
15. Ke3 Ng4+ 16. Qxg4 Qxg4 17. Rg1 17... Nxc2# {JGR checkmated} 0-1